000
00220 a2200097 4500
001
7074
100
_a
Hasan, K.S
245
_a
Pakistan and the united nations
260
_a
_b
Makallan publishing
_c
090
_c
5844
_d
5844
942
_a
NUST-CAE
_c
M
_c
32316
999
_c
242147
_d
242147